African boundaries : barriers, conduits and oppurtunities

Αποθηκεύτηκε σε:
Λεπτομέρειες βιβλιογραφικής εγγραφής
Άλλοι συγγραφείς: Nugent, Paul (Επιμελητής έκδοσης), Asiwaju, A. I., 1939- (Επιμελητής έκδοσης)
Μορφή: Βιβλίο
Γλώσσα:English
Δημοσίευση: New York : Pinter, c1996
Θέματα:
Ετικέτες: Προσθήκη ετικέτας
Δεν υπάρχουν, Καταχωρήστε ετικέτα πρώτοι!

MARC

LEADER 00000nam a2200000 i 4500
001 1/87237
008 990722s1996 eng d
020 |a 1-85567-372-X 
035 |l 10052252 
040 |a GR-MY-UA  |b gre  |e aacr 
041 0 |a eng 
082 0 |a 967 
245 1 0 |a African boundaries :  |b barriers, conduits and oppurtunities /  |c Edited by Paul Nugent and A. I. Asiwaju 
260 |a New York :   |b Pinter,   |c c1996 
300 |a 276 p.;  |b fig.; tabl.;  |c 24 cm. 
500 |a Includes papers from a conference on the topic of African boundaries and borderlands, held in May 1993 at the Centre of African Studies, University of Edinburgh 
504 |a Includes bibliographical references and index 
651 0 |a Africa, Sub-Saharan  |x Boundaries  |x Congresses. 
700 1 |a Nugent, Paul.  |4 edt 
700 1 |a Asiwaju, A. I.,   |d 1939-  |4 edt 
852 |a INST  |b LESVOS  |e 19990722  |h 967 AFR  |p 005100019813  |q 005100019813  |t BK  |y 0 
901 |a BIBL1-1999-2 
909 |a Λ  |b 062672 
922 |a 1ΕΛΗ  |b 199812  |c ΚΠΣ/ΤΓ  |d LEADER 
950 |a 118-1998-10-19 
970 |a ΜΟΥΣΤΑΚΑ  |b ΠΗΝΕΛΟΠΗ  |z 1999/08/02